<?xml version="1.0" encoding="UTF-8"?>
<record
    xmlns:xsi="http://www.w3.org/2001/XMLSchema-instance"
    xsi:schemaLocation="http://www.loc.gov/MARC21/slim http://www.loc.gov/standards/marcxml/schema/MARC21slim.xsd"
    xmlns="http://www.loc.gov/MARC21/slim">

  <leader>01550nam a22002297a 4500</leader>
  <controlfield tag="005">20220412162336.0</controlfield>
  <controlfield tag="008">220323b           ||||| |||| 00| 0 eng d</controlfield>
  <datafield tag="020" ind1=" " ind2=" ">
    <subfield code="a">9780815344995</subfield>
  </datafield>
  <datafield tag="040" ind1=" " ind2=" ">
    <subfield code="c">AL</subfield>
  </datafield>
  <datafield tag="041" ind1=" " ind2=" ">
    <subfield code="a">eng</subfield>
  </datafield>
  <datafield tag="082" ind1=" " ind2=" ">
    <subfield code="2">23</subfield>
    <subfield code="a">581.192 </subfield>
    <subfield code="b">BOWP</subfield>
  </datafield>
  <datafield tag="100" ind1=" " ind2=" ">
    <subfield code="a">Caroline Bowsher</subfield>
    <subfield code="9">25356</subfield>
  </datafield>
  <datafield tag="245" ind1=" " ind2=" ">
    <subfield code="a">Plant biochemistry</subfield>
  </datafield>
  <datafield tag="250" ind1=" " ind2=" ">
    <subfield code="a">2nd ed.</subfield>
  </datafield>
  <datafield tag="260" ind1=" " ind2=" ">
    <subfield code="a">Boca Raton</subfield>
    <subfield code="b">CRC Press</subfield>
    <subfield code="c">2021</subfield>
  </datafield>
  <datafield tag="300" ind1=" " ind2=" ">
    <subfield code="a">xvi,473p.</subfield>
    <subfield code="b">PB</subfield>
    <subfield code="c">28x21cm.</subfield>
  </datafield>
  <datafield tag="365" ind1=" " ind2=" ">
    <subfield code="2">General</subfield>
    <subfield code="a">6468</subfield>
    <subfield code="b">&#x20B9;4955.29</subfield>
    <subfield code="c">&#x20B9;</subfield>
    <subfield code="d">&#x20B9;6352.94</subfield>
    <subfield code="e">22%</subfield>
    <subfield code="f">12-03-2022</subfield>
  </datafield>
  <datafield tag="520" ind1=" " ind2=" ">
    <subfield code="a">Plant Biochemistry focuses on the molecular and cellular aspects of each major metabolic pathway and sets these within the context of the whole plant. Using examples from biomedical, environmental, industrial and agricultural applications, it shows how a fundamental understanding of plant biochemistry can be used to address real-world issues. It illustrates how plants impact human activity and success, in terms of their importance as a food supply and as raw materials for industrial and pharmaceutical products, and considers how humans can benefit from exploiting plant biochemical pathways.  All chapters in this second edition have been substantially revised to incorporate the latest research developments, and case studies include updates on progress in developing novel plants and plant products. The artwork, now in full color, superbly illustrates the key concepts and mechanisms presented throughout.</subfield>
  </datafield>
  <datafield tag="650" ind1=" " ind2=" ">
    <subfield code="2">Biochemistry</subfield>
    <subfield code="a">Plant Biochemistry</subfield>
    <subfield code="9">25357</subfield>
  </datafield>
  <datafield tag="700" ind1=" " ind2=" ">
    <subfield code="a">Tobin, Alyson</subfield>
    <subfield code="9">29712</subfield>
  </datafield>
  <datafield tag="942" ind1=" " ind2=" ">
    <subfield code="2">ddc</subfield>
    <subfield code="c">BK</subfield>
  </datafield>
  <datafield tag="999" ind1=" " ind2=" ">
    <subfield code="c">222004</subfield>
    <subfield code="d">222004</subfield>
  </datafield>
  <datafield tag="952" ind1=" " ind2=" ">
    <subfield code="0">0</subfield>
    <subfield code="1">0</subfield>
    <subfield code="2">ddc</subfield>
    <subfield code="4">0</subfield>
    <subfield code="7">0</subfield>
    <subfield code="8">BIOC</subfield>
    <subfield code="a">SACPG</subfield>
    <subfield code="b">SACPG</subfield>
    <subfield code="d">2022-03-14</subfield>
    <subfield code="e">Biblios Book Point</subfield>
    <subfield code="g">4955.29</subfield>
    <subfield code="l">4</subfield>
    <subfield code="o">581.192  BOWP</subfield>
    <subfield code="p">PG023887</subfield>
    <subfield code="r">2022-12-19 00:00:00</subfield>
    <subfield code="s">2022-12-07</subfield>
    <subfield code="v">6352.94</subfield>
    <subfield code="w">2022-03-12</subfield>
    <subfield code="y">BK</subfield>
  </datafield>
</record>
